Districts of Dorset - Statistics

General Stats
  • This quiz has been taken 29 times
  • The average score is 5 of 8
Answer Stats
Type Answer % Correct
Unitary authority Bournemouth
95%
Unitary authority Poole
95%
District Weymouth and Portland
86%
District Christchurch
73%
District West Dorset
41%
District North Dorset
36%
District East Dorset
32%
District Purbeck
23%
No matching quizzes found
Score Distribution
Percent of People with Each Score
Percentile by Number Answered
Your Score History
You have not taken this quiz